000 00555nam a2200193 4500
003 OSt
005 20260601193848.0
008 260508b1981 |||a|||| |||| 00| 0 spa d
040 _aICI
_bspa
_cICI
050 _aTS183
_bC37 1986
100 1 _aCaridad Obregón, Francisco Antonio
_931730
245 1 _aManual de sistemas de unión y ensamble de materiales
264 _bUniversidad Iberoamericana
_c1981
300 _a236 páginas
336 _atexto
_2rdacontent
337 _asin medio
_2rdamedia
338 _avolumen
_2rdacarrier
942 _2lcc
_cB
_n1
999 _c21716
_d21716